Red' und Antwort : Rechenschaft im Gespräch /

Bibliographic Details
Main Author: Marti, Kurt
Format: Book
Language:German
Published: Stuttgart : Radius-Verlag, [1988]
Series:Radius-Bücher
Subjects:

MARC

Tag First Indicator Second Indicator Subfields
LEADER 00000cam a2200000 a 4500
001 in00000036112
005 20151007055351.0
008 880609s1988 gw c 00010 ger d
020 |a 3871737569 
035 |a (OCoLC)18063658 
035 |9 AAB8049AM 
040 |a GZM  |c GZM  |d TXA  |d UtOrBLW 
049 |a TXAM  |c [A11074221] 
050 4 |a BV4503  |b .M3 1988 
100 1 |a Marti, Kurt. 
245 1 0 |a Red' und Antwort :  |b Rechenschaft im Gespräch /  |c Kurt Marti. 
264 1 |a Stuttgart :  |b Radius-Verlag,  |c [1988] 
264 4 |c ©1988 
300 |a 124 pages :  |b portrait ;  |c 21 cm. 
336 |a text  |b txt  |2 rdacontent 
337 |a unmediated  |b n  |2 rdamedia 
338 |a volume  |b nc  |2 rdacarrier 
490 0 |a Radius-Bücher 
504 |a Bibliography: pages 123-124. 
650 0 |a Spiritual life. 
650 0 |a Theology, Practical. 
999 |a MARS 
999 f f |s e8c812e7-fb28-3170-a10f-c3128721bafa  |i 24db18c8-149c-3145-b7ac-09be47b86669  |t 0 
952 f f |p ric  |a Texas A&M University  |b Rellis Campus  |c Joint Library Facility  |d Remote Storage  |t 0  |e BV4503 .M3 1988  |h Library of Congress classification  |i unmediated -- volume  |m A14811074221 
998 f f |a BV4503 .M3 1988  |t 0  |l Remote Storage